00849nam a2200205 a 450000100100000000500170001000800410002702000150006804000250008310000430010824501560015126000270030730000210033449000350035550000510039050400280044150400730046971000660054283000350060800004101520201002034543.0130913s1987 sp 000 0 spa d a8400065638 aDO-SdBNPbspacBNPHU1 aLópez-Ocón Cabrera, Leonciod1956-10aBiografía de la "América" :buna crónica hispano-americana del liberalismo democrático español (1857-1886) /cLeoncio López-Ocón Cabrera. aMadrid :bCSIC,c1987. a215 p. ;c24 cm.1 aTierra nueva e cielo nuevov21 aV centenario del descubrimiento de América." aBibliografía 209-215. aIncluye referencias bibliográficas y notas al pie de las páginas2 aConsejo Superior de Investigaciones Científicas, (España) 0aTierra nueva e cielo nuevov21